<?xml version="1.0" encoding="UTF-8"?>
<record
    xmlns:xsi="http://www.w3.org/2001/XMLSchema-instance"
    xsi:schemaLocation="http://www.loc.gov/MARC21/slim http://www.loc.gov/standards/marcxml/schema/MARC21slim.xsd"
    xmlns="http://www.loc.gov/MARC21/slim">

  <leader>01678naa a2200217 i 4500</leader>
  <controlfield tag="001">347</controlfield>
  <controlfield tag="003">KOSZ 005</controlfield>
  <controlfield tag="005">20171211150844.0</controlfield>
  <controlfield tag="008">151008s2006    pl     f     |000 0 pol</controlfield>
  <datafield tag="040" ind1=" " ind2=" ">
    <subfield code="c">BPK</subfield>
    <subfield code="d">KOSZ 005/EG</subfield>
  </datafield>
  <datafield tag="080" ind1=" " ind2=" ">
    <subfield code="a">005.336</subfield>
  </datafield>
  <datafield tag="100" ind1="1" ind2=" ">
    <subfield code="a">RATAJSKI, Ryszard.</subfield>
    <subfield code="d">1996 - .</subfield>
    <subfield code="b">Politechnika Koszali&#x144;ska - Wydzia&#x142; Ekonomii i Zarz&#x105;dzania,</subfield>
    <subfield code="c">Katedra Marketingu i Bada&#x144; Rynkowych - Zak&#x142;ad Marketingu</subfield>
  </datafield>
  <datafield tag="245" ind1="1" ind2="0">
    <subfield code="a">Rola promocji w kszta&#x142;towaniu wizerunku gmin /</subfield>
    <subfield code="c">Ryszard Ratajski, Jacek Borzyszkowski.</subfield>
  </datafield>
  <datafield tag="500" ind1=" " ind2=" ">
    <subfield code="a">Dane z autopsji.</subfield>
  </datafield>
  <datafield tag="520" ind1=" " ind2=" ">
    <subfield code="a">Coraz wi&#x119;ksze znaczenie nabiera promocja gminy. Stosowana jest obok konkretnych &#x15B;rodk&#xF3;w wspierania gospodarki i rozwoju strukturalnego. Stanowi wa&#x17C;ny czynnik ka&#x17C;dej strategii rozwojowej miasta czy gminy. Dzia&#x142;ania promocyjne stosowane przez w&#x142;adze gminy musz&#x105; by&#x107; tak zaplanowane, aby ich realizacja by&#x142;a skuteczna i przynosi&#x142;a efekty. W dzisiejszych czasach gmina nie b&#x119;dzie si&#x119; rozwija&#x107; i budzi&#x107; pozytywnego wizerunku w&#x15B;r&#xF3;d spo&#x142;ecze&#x144;stwa, bez pomocy okre&#x15B;lonych &#x15B;rodk&#xF3;w promocyjnych. Dlatego wa&#x17C;ne jest, aby strategia rozwoju gminy by&#x142;a opracowana nale&#x17C;ycie i zawiera&#x142;a szczeg&#xF3;&#x142;owe wyznaczniki realizacji przyj&#x119;tych cel&#xF3;w.</subfield>
  </datafield>
  <datafield tag="650" ind1=" " ind2="0">
    <subfield code="a">Marketing zaanga&#x17C;owany spo&#x142;ecznie.</subfield>
  </datafield>
  <datafield tag="650" ind1=" " ind2="0">
    <subfield code="a">Konkurencja.</subfield>
  </datafield>
  <datafield tag="700" ind1="1" ind2=" ">
    <subfield code="a">BORZYSZKOWSKI, Jacek.</subfield>
    <subfield code="d">1999 - .</subfield>
    <subfield code="b">Politechnika Koszali&#x144;ska - Wydzia&#x142; Ekonomii i Zarz&#x105;dzania,</subfield>
    <subfield code="c">Katedra Turystyki</subfield>
  </datafield>
  <datafield tag="773" ind1="0" ind2=" ">
    <subfield code="i">W :</subfield>
    <subfield code="t">Szanse i wyzwania wsp&#xF3;&#x142;czesnego marketingu : praca zbiorowa / pod red. W&#x142;odzimierza Delugi i Jacka Chotkowskiego. -</subfield>
    <subfield code="d">Koszalin : Wydaw. Polskiego Towarzystwa Ekonomicznego, 2006. -</subfield>
    <subfield code="g">s. 177-187</subfield>
  </datafield>
  <datafield tag="942" ind1=" " ind2=" ">
    <subfield code="c">ROZ</subfield>
    <subfield code="2">UKD</subfield>
  </datafield>
  <datafield tag="999" ind1=" " ind2=" ">
    <subfield code="c">347</subfield>
    <subfield code="d">347</subfield>
  </datafield>
  <datafield tag="952" ind1=" " ind2=" ">
    <subfield code="0">0</subfield>
    <subfield code="1">0</subfield>
    <subfield code="4">0</subfield>
    <subfield code="7">0</subfield>
    <subfield code="a">BPK</subfield>
    <subfield code="b">BPK</subfield>
    <subfield code="o">84459</subfield>
    <subfield code="y">ROZ</subfield>
  </datafield>
</record>
